000 00642nam a2200181 i 4500
001 147323
003 ES-MaACL
005 20230906213410.0
007 t|
008 070927s1906 sp ||||1| spa d
100 1 _aUgarte y Pagés, Javier.
_9111900
245 1 0 _aReformas en la administración de justicia
_b: apuntes para su estudio /
_cpor Javier Ugarte y Pagés.
260 _aMadrid :
_b[s.n.],
_c1906 (
_fImprenta de los hijos de M. G. Hernández)
300 _a237 p. ;
_c20 cm.
852 _aES-MaACL
_jF-11644
852 _aES-MaACL
_jD-4699
_z-- Enc. hol.
_x-- Completar 260: (Hijos de M.G. Hernández)
999 _c147323
_d147323